Caribbean Sea Countries - Statistics

General Stats
  • This quiz has been taken 25 times
  • The average score is 23 of 25
Answer Stats
Country % Correct
Haiti
100%
Antigua and Barbuda
96%
Bahamas
96%
Dominica
96%
Dominican Republic
96%
Jamaica
96%
St. Kitts and Nevis
96%
St. Vincent and Grenadines
96%
Barbados
92%
Costa Rica
92%
Cuba
92%
Guatemala
92%
Nicaragua
92%
Panama
92%
St. Lucia
92%
Belize
88%
Colombia
88%
Guyana
88%
Honduras
88%
Suriname
88%
Grenada
84%
Mexico
84%
Trinidad and Tobago
84%
United States
80%
Venezuela
80%
No matching quizzes found
Score Distribution
Percent of People with Each Score
Percentile by Number Answered
Your Score History
You have not taken this quiz